000 00610 a2200205 4500
001 63120
005 20260407155926.0
008 260407a1972 arg spa d
003 AR-UNSa-BCEJYS
040 _aAR-UNSa-BCEJYS
_bspa
_cAR-UNSa-BCEJYS
080 _a334.726
_xEmpresas multinacionales
245 1 0 _aEmpresas multinacionales
_pLa internacionalización del capital
264 1 _aBuenos Aires :
_bEdiciones Periferia
_c1972
300 _a174 p.
_c20 cm.
041 _aspa
942 _cBK
590 _aniveau_biblio:m niveau_hierar:0
100 1 _aHymer, Stephen
700 1 _aFernández López, Manuel
999 _c8002
_d8002